| Tag |
First Indicator |
Second Indicator |
Subfields |
| LEADER |
00000cam a2200000 4500 |
| 001 |
in00000062784 |
| 005 |
20151008050631.0 |
| 008 |
761201s1946 txu b 00000 eng d |
| 010 |
|
|
|a 46015237
|
| 035 |
|
|
|a (OCoLC)02589041
|
| 035 |
|
|
|9 AAG2272AM
|
| 040 |
|
|
|a TXW
|c TXW
|d TXA
|d UtOrBLW
|
| 049 |
|
|
|a TXAM
|c [131527]
|
| 050 |
|
0 |
|a HJ3346
|b .A7 1946
|
| 092 |
|
|
|a 336.2
|b M214t
|
| 100 |
1 |
|
|a Mahany, Maxwell Madison,
|d 1888-
|
| 245 |
1 |
0 |
|a Texas taxes ;
|b a treatise on the law of taxation in the State of Texas /
|c by Maxwell Madison Mahany ...
|
| 264 |
|
1 |
|a Dallas, Tex. :
|b Wilkinson Printing Co.,
|c 1946.
|
| 300 |
|
|
|a 1045 pages
|
| 336 |
|
|
|a text
|b txt
|2 rdacontent
|
| 337 |
|
|
|a unmediated
|b n
|2 rdamedia
|
| 338 |
|
|
|a volume
|b nc
|2 rdacarrier
|
| 650 |
|
0 |
|a Taxation
|z Texas
|x Law and legislation.
|
| 710 |
1 |
|
|a Texas.
|t Laws, statutes, etc.
|
| 999 |
|
|
|a MARS
|
| 999 |
f |
f |
|s 1046d122-56c4-317d-92dc-0e95e1997b61
|i d9aa81d2-a6ab-3aa4-a396-121c079199c2
|t 0
|
| 952 |
f |
f |
|p ric
|a Texas A&M University
|b Rellis Campus
|c Joint Library Facility
|d Remote Storage
|t 0
|e HJ3346 .A7 1946
|h Library of Congress classification
|i unmediated -- volume
|m A14800748346
|
| 998 |
f |
f |
|a HJ3346 .A7 1946
|t 0
|l Remote Storage
|